[Event "FRA-chT U20 0809"]
[Site "Sautron"]
[Date "2009.01.03"]
[Round "5.2"]
[White "Bottemanne, Alexandra"]
[Black "Treand, Victor"]
[Result "0-1"]
[WhiteElo "1540"]
[BlackElo "1804"]
[PlyCount "98"]
[EventDate "2008.10.??"]
[EventType "team-tourn"]
[EventRounds "11"]
[EventCountry "FRA"]
[SourceTitle "EXT 2010"]
[Source "ChessBase"]
[SourceDate "2010.11.25"]
[SourceVersion "1"]
[SourceVersionDate "2010.11.25"]
[SourceQuality "1"]

1. e4 c5 2. Nf3 g6 3. Nc3 Bg7 4. d4 cxd4 5. Nxd4 Nc6 6. Be3 Nf6 7. Bc4 0-0 8. 0-0 Nxe4 9. Nxe4 d5 10. Ng3 dxc4 11. Nge2 Bg4 12. f3 Bd7 13. c3 a6 14. Qd2 Qc7 15. Rad1 Rfd8 16. Qc1 e5 17. Nc2 Bf5 18. Ng3 Bd3 19. Rfe1 f5 20. Bf2 Rd6 21. Na3 Rad8 22. b3 b5 23. Nc2 Qa5 24. Bc5 R6d7 25. Nb4 Nxb4 26. Bxb4 Qb6+ 27. Kh1 a5 28. Ba3 h5 29. Qg5 cxb3 30. axb3 Bc2 31. Rxd7 Rxd7 32. b4 a4 33. Bc1 Rd3 34. Bd2 Qf6 35. Qxf6 Bxf6 36. Kg1 Rxd2 37. Rc1 Rd1+ 38. Rxd1 Bxd1 39. Nf1 a3 40. Nd2 a2 41. Kf2 a1Q 42. c4 bxc4 43. Nxc4 Qd4+ 44. Ne3 Qd2+ 45. Kg3 f4+ 46. Kh3 Qxe3 47. g3 Qxf3 48. b5 Be2 49. b6 Bf1# 0-1

[Event "FRA-ch U08 Girls"]
[Site "Hyeres"]
[Date "2002.??.??"]
[Round "1.1"]
[White "Bottemanne, Alexandra"]
[Black "Boinot, Audrey"]
[Result "1-0"]
[WhiteElo "1490"]
[BlackElo "1009"]
[PlyCount "77"]
[EventDate "2002.04.05"]
[EventType "swiss"]
[EventRounds "9"]
[EventCountry "FRA"]
[SourceTitle "EXT 2003"]
[Source "ChessBase"]
[SourceDate "2002.11.25"]
[SourceVersion "1"]
[SourceVersionDate "2002.11.25"]
[SourceQuality "1"]

1. e4 Nf6 2. Nc3 g6 3. Nf3 Bg7 4. d4 Nc6 5. Bd3 b6 6. Be3 Bb7 7. 0-0 0-0 8. Qd2 e5 9. dxe5 Nxe5 10. Nxe5 d6 11. Nf3 d5 12. e5 Ng4 13. h3 Nxe3 14. Qxe3 f6 15. exf6 Bxf6 16. Qh6 Bg7 17. Qd2 d4 18. Nb5 c5 19. Bc4+ Kh8 20. Ng5 h6 21. Ne6 Qe7 22. Nxf8 Bxf8 23. Rae1 Qd8 24. Re6 h5 25. Rxg6 Kh7 26. Bd3 Bc6 27. Rd6+ Be4 28. Rxd8 Rxd8 29. Bxe4+ Kg8 30. Qg5+ Bg7 31. Qxd8+ Bf8 32. Nd6 a6 33. Nf5 b5 34. Qd7 c4 35. Ne7+ Bxe7 36. Qxe7 d3 37. Bd5+ Kh8 38. Qf7 dxc2 39. Qg8# 1-0

[Event "FRA-ch U08 Girls"]
[Site "Hyeres"]
[Date "2002.??.??"]
[Round "5.1"]
[White "Bottemanne, Alexandra"]
[Black "Thaly, Torrente"]
[Result "1-0"]
[WhiteElo "1490"]
[BlackElo "1240"]
[PlyCount "57"]
[EventDate "2002.04.05"]
[EventType "swiss"]
[EventRounds "9"]
[EventCountry "FRA"]
[SourceTitle "EXT 2003"]
[Source "ChessBase"]
[SourceDate "2002.11.25"]
[SourceVersion "1"]
[SourceVersionDate "2002.11.25"]
[SourceQuality "1"]

1. e4 c5 2. c4 Nc6 3. Nc3 e6 4. Bd3 d6 5. b3 Nf6 6. Bb2 Be7 7. Nf3 0-0 8. 0-0 Bd7 9. h3 a6 10. Qe2 Nd4 11. Qe3 e5 12. b4 b6 13. Nd5 Nxf3+ 14. Qxf3 cxb4 15. Nxf6+ Bxf6 16. Qh5 Bg5 17. c5 Bxd2 18. cxd6 Bb5 19. Bxb5 axb5 20. Bxe5 Qg5 21. Qxg5 Bxg5 22. Rab1 Rfe8 23. Bg3 Rxe4 24. Rfd1 Rxa2 25. d7 Rd2 26. Rxd2 b3 27. d8Q+ Bxd8 28. Rxd8+ Re8 29. Rxe8# 1-0